000 00438nam a2200145Ia 4500
008 220216s9999 xx 000 0 und d
100 _aTiong G L
245 0 _aHeveawood: Sawntimber production and recovery studies
260 _bProceedings of the International Rubber Conference, Kuala Lumpur, Malaysia, V.3. 1985; p783-799
650 _aHeveawood
650 _aRubberwood
700 _aKheng C O
700 _aYee H C
942 _cJS
999 _c60352
_d60352